[Event "ESP-chT Rapid"]
[Site "Ubeda"]
[Date "2023.09.23"]
[Round "2.6"]
[White "Fernandez Barrera, Victor"]
[Black "Ferreira, Hugo Miguel da Cost"]
[Result "1/2-1/2"]
[WhiteElo "2242"]
[BlackElo "2106"]
[PlyCount "89"]
[EventDate "2023.09.23"]
[EventType "team-swiss (rapid)"]
[EventRounds "9"]
[EventCountry "ESP"]
[SourceTitle "EXT 2024"]
[Source "ChessBase"]
[SourceDate "2023.10.10"]
[SourceVersion "1"]
[SourceVersionDate "2023.10.10"]
[SourceQuality "1"]
[WhiteTeam "Excalibur"]
[BlackTeam "Patrimonio de la Humanidad"]
[WhiteTeamCountry "ESP"]
[BlackTeamCountry "ESP"]

1. e4 c5 2. Nf3 a6 3. c3 e6 4. d4 d5 5. exd5 exd5 6. Be2 Nf6 7. 0-0 Be7 8. dxc5 Bxc5 9. Nbd2 0-0 10. Nb3 Be7 11. Bf4 Nc6 12. Nbd4 Ne4 13. Nxc6 bxc6 14. Nd4 Qb6 15. Qb3 Qb7 16. Bf3 Qxb3 17. Nxb3 g5 18. Be3 Rb8 19. Rad1 f5 20. Rfe1 f4 21. Bd4 Bf5 22. Be5 Rb6 23. Be2 Bd6 24. Bxd6 Nxd6 25. Bd3 Bxd3 26. Rxd3 Nc4 27. Re2 g4 28. f3 h5 29. g3 fxg3 30. fxg4 gxh2+ 31. Rxh2 hxg4 32. Rd4 Ne5 33. Kg2 Rf5 34. Rh6 Kg7 35. Rd6 Rf6 36. Rxf6 Kxf6 37. Kg3 Ke6 38. Ra4 Kd6 39. Nd4 Rxb2 40. Rxa6 Rd2 41. Kf4 Rf2+ 42. Kg3 Rd2 43. Kf4 Rf2+ 44. Kg3 Rd2 45. Kf4 1/2-1/2

[Event "ESP-chT Rapid"]
[Site "Ubeda"]
[Date "2023.09.23"]
[Round "4.3"]
[White "Ferreira, Hugo Miguel da Cost"]
[Black "Perez Candelario, Manuel"]
[Result "0-1"]
[WhiteElo "2106"]
[BlackElo "2582"]
[PlyCount "100"]
[EventDate "2023.09.23"]
[EventType "team-swiss (rapid)"]
[EventRounds "9"]
[EventCountry "ESP"]
[SourceTitle "EXT 2024"]
[Source "ChessBase"]
[SourceDate "2023.10.10"]
[SourceVersion "1"]
[SourceVersionDate "2023.10.10"]
[SourceQuality "1"]
[WhiteTeam "Patrimonio de la Humanidad"]
[BlackTeam "Extremadura Magic"]
[WhiteTeamCountry "ESP"]
[BlackTeamCountry "ESP"]

1. d4 d5 2. Bf4 Nf6 3. e3 c5 4. c3 Nc6 5. Nd2 Qb6 6. Qb3 g6 7. dxc5 Qxc5 8. Ngf3 Bg7 9. Be2 0-0 10. Ne5 Nh5 11. Nd3 Qa5 12. Bxh5 gxh5 13. h3 e5 14. Bh2 Bf5 15. Nc1 d4 16. e4 Be6 17. c4 Bh6 18. f4 exf4 19. Qb5 Rae8 20. Ncb3 Qxb5 21. cxb5 Nb4 22. 0-0 Nd3 23. Nxd4 Rd8 24. N2b3 Bg7 25. Nxe6 fxe6 26. Rad1 Bxb2 27. Rf3 Ne5 28. Rff1 Rxd1 29. Rxd1 Ba3 30. Rf1 Ng6 31. Rd1 b6 32. Rd7 Rf7 33. Rd8+ Kg7 34. Nd4 Bc5 35. Kf1 Bxd4 36. Rxd4 Kf6 37. Ke2 Rc7 38. Bg1 Rc2+ 39. Rd2 Rxd2+ 40. Kxd2 Nh4 41. a4 Nxg2 42. a5 Ne3 43. axb6 axb6 44. Bf2 Ke5 45. Kd3 Kd6 46. Kd4 e5+ 47. Kd3 Kc5 48. Bh4 Kxb5 49. Bf6 Nc4 50. Be7 Na5 0-1

[Event "Leca da Palmeira 2nd"]
[Site "Leca da Palmeira"]
[Date "2023.08.06"]
[Round "9"]
[White "Ferreira, Hugo Miguel da Cost"]
[Black "Kushal, O."]
[Result "1/2-1/2"]
[WhiteElo "2096"]
[BlackElo "2294"]
[PlyCount "28"]
[EventDate "2023.07.31"]
[EventType "swiss"]
[EventRounds "9"]
[EventCountry "POR"]
[SourceTitle "CBM 215 Extra"]
[Source "ChessBase"]
[SourceDate "2023.09.30"]
[SourceVersion "1"]
[SourceVersionDate "2023.09.30"]
[SourceQuality "1"]

1. d4 Nf6 2. Nf3 g6 3. Bg5 Bg7 4. Nbd2 0-0 5. c3 h6 6. Bh4 d6 7. e4 c5 8. dxc5 dxc5 9. Bc4 Nc6 10. Qe2 Qc7 11. Bxf6 exf6 12. 0-0 Re8 13. Bd5 f5 14. Qb5 Qb6 1/2-1/2

[Event "Leca da Palmeira 2nd"]
[Site "Leca da Palmeira"]
[Date "2023.08.05"]
[Round "8"]
[White "Soares, Sara Joana de Moura"]
[Black "Ferreira, Hugo Miguel da Cost"]
[Result "0-1"]
[WhiteElo "1748"]
[BlackElo "2096"]
[PlyCount "76"]
[EventDate "2023.07.31"]
[EventType "swiss"]
[EventRounds "9"]
[EventCountry "POR"]
[SourceTitle "CBM 215 Extra"]
[Source "ChessBase"]
[SourceDate "2023.09.30"]
[SourceVersion "1"]
[SourceVersionDate "2023.09.30"]
[SourceQuality "1"]

1. d4 Nf6 2. c4 e6 3. Nc3 Bb4 4. Qc2 0-0 5. Nf3 b6 6. Bg5 Bb7 7. e3 h6 8. Bh4 g5 9. Bg3 Ne4 10. Nd2 f5 11. Ndxe4 Bxe4 12. Qd2 Bb7 13. f3 Be7 14. Be2 d6 15. 0-0 Nd7 16. e4 f4 17. Bf2 Rf7 18. Rfd1 Qf8 19. a4 a6 20. a5 h5 21. axb6 cxb6 22. d5 e5 23. Na4 Bd8 24. Qb4 Rb8 25. Rdc1 g4 26. Ra3 Rg7 27. Be1 Bc8 28. Qb3 gxf3 29. Bxf3 b5 30. cxb5 axb5 31. Bxh5 bxa4 32. Qc2 Bb6+ 33. Kh1 Nc5 34. Bb4 Rh7 35. Bf3 Qh6 36. h3 Bxh3 37. gxh3 Qxh3+ 38. Kg1 Nd3+ 0-1

[Event "Leca da Palmeira 2nd"]
[Site "Leca da Palmeira"]
[Date "2023.08.02"]
[Round "4"]
[White "Veiga, Jose Francisco RP"]
[Black "Ferreira, Hugo Miguel da Cost"]
[Result "1-0"]
[WhiteElo "2397"]
[BlackElo "2096"]
[PlyCount "171"]
[EventDate "2023.07.31"]
[EventType "swiss"]
[EventRounds "9"]
[EventCountry "POR"]
[SourceTitle "CBM 215 Extra"]
[Source "ChessBase"]
[SourceDate "2023.09.30"]
[SourceVersion "1"]
[SourceVersionDate "2023.09.30"]
[SourceQuality "1"]

1. e4 e5 2. Nf3 Nc6 3. Bc4 Bc5 4. c3 Nge7 5. 0-0 Ng6 6. d4 Be7 7. Re1 d6 8. Nbd2 0-0 9. h3 Nb8 10. Nf1 c6 11. Ne3 b5 12. Bb3 a5 13. Nf5 Bf6 14. dxe5 dxe5 15. Qxd8 Rxd8 16. Ng5 Nh8 17. Be3 a4 18. Bc2 h6 19. Nf3 Be6 20. h4 Ng6 21. h5 Bxf5 22. exf5 Nf4 23. Bxf4 exf4 24. a3 Nd7 25. Be4 Rac8 26. Rad1 Nb8 27. Nd4 Rd6 28. Nc2 Rcd8 29. Rxd6 Rxd6 30. Nb4 Rd2 31. Nxc6 Nxc6 32. Bxc6 Rxb2 33. Re8+ Kh7 34. Bd5 g6 35. Rf8 gxf5 36. Rxf7+ Bg7 37. Be6 Rb1+ 38. Kh2 Ra1 39. Bxf5+ Kg8 40. Be6 Rxa3 41. c4 bxc4 42. Rxf4+ Kh8 43. Rxc4 Be5+ 44. f4 Bf6 45. Bd7 Bh4 46. g4 Ra2+ 47. Kh3 Be1 48. Bxa4 Ra3+ 49. Kg2 Rg3+ 50. Kf1 Bd2 51. Bd1 Rc3 52. Rd4 Bc1 53. Be2 Kg7 54. Re4 Kf6 55. Kf2 Bd2 56. Bc4 Bc1 57. Re6+ Kg7 58. Re7+ Kh8 59. Re4 Kg7 60. Ke2 Kf6 61. Re6+ Kg7 62. Re7+ Kh8 63. Re4 Kg7 64. Bd3 Kf6 65. Rd4 Ba3 66. Rd5 Bc1 67. Kf3 Ra3 68. Rd6+ Ke7 69. Rd4 Bb2 70. Re4+ Kf6 71. Ke2 Rc3 72. Rb4 Bc1 73. Rb6+ Ke7 74. Rxh6 Bxf4 75. Ra6 Rc1 76. Kf3 Bg5 77. Rg6 Bf6 78. g5 Ba1 79. Ra6 Bb2 80. h6 Rh1 81. h7 Rh3+ 82. Ke2 Bd4 83. g6 Re3+ 84. Kd2 Rh3 85. Ra7+ Bxa7 86. g7 1-0

[Event "Leca da Palmeira 2nd"]
[Site "Leca da Palmeira"]
[Date "2023.08.01"]
[Round "3"]
[White "Ferreira, Hugo Miguel da Cost"]
[Black "Santos, Tomas Afonso Pires"]
[Result "1-0"]
[WhiteElo "2096"]
[BlackElo "1729"]
[PlyCount "73"]
[EventDate "2023.07.31"]
[EventType "swiss"]
[EventRounds "9"]
[EventCountry "POR"]
[SourceTitle "CBM 215 Extra"]
[Source "ChessBase"]
[SourceDate "2023.09.30"]
[SourceVersion "1"]
[SourceVersionDate "2023.09.30"]
[SourceQuality "1"]

1. d4 Nf6 2. Nf3 g6 3. Bg5 Bg7 4. Nbd2 d5 5. e3 0-0 6. c3 Bg4 7. Be2 Nbd7 8. h3 Bxf3 9. Nxf3 c5 10. 0-0 Qb6 11. Qc2 Rfe8 12. Rfd1 e6 13. a4 c4 14. a5 Qb5 15. Rdb1 Qc6 16. b3 b5 17. axb6 cxb3 18. Qxb3 axb6 19. Bb5 Qc7 20. Ne5 Nxe5 21. Bxe8 Rxe8 22. Bxf6 Bxf6 23. dxe5 Bxe5 24. Qxb6 Qxb6 25. Rxb6 Bxc3 26. Ra7 h5 27. Rbb7 Rf8 28. Rd7 Bf6 29. g3 h4 30. g4 g5 31. Kg2 Be5 32. Ra4 Rb8 33. f4 Bc3 34. fxg5 Rb2+ 35. Kf1 Rh2 36. g6 Rxh3 37. gxf7+ 1-0

[Event "Leca da Palmeira 2nd"]
[Site "Leca da Palmeira"]
[Date "2023.07.31"]
[Round "1"]
[White "Ferreira, Hugo Miguel da Cost"]
[Black "Stefansson, Vignir Vatnar"]
[Result "0-1"]
[WhiteElo "2096"]
[BlackElo "2487"]
[PlyCount "72"]
[EventDate "2023.07.31"]
[EventType "swiss"]
[EventRounds "9"]
[EventCountry "POR"]
[SourceTitle "CBM 215 Extra"]
[Source "ChessBase"]
[SourceDate "2023.09.30"]
[SourceVersion "1"]
[SourceVersionDate "2023.09.30"]
[SourceQuality "1"]

1. d4 d5 2. c4 e6 3. Nc3 Nf6 4. Bg5 dxc4 5. e3 c5 6. dxc5 Qa5 7. Bxf6 gxf6 8. Qd4 Nd7 9. Bxc4 Qxc5 10. Nge2 a6 11. a4 b6 12. Rd1 Qxd4 13. exd4 Rg8 14. Bd3 f5 15. d5 Bc5 16. dxe6 fxe6 17. Nf4 Nf6 18. Be2 Kf7 19. Bf3 Ra7 20. Nd3 Bd6 21. h3 e5 22. Nf4 Bc5 23. Nd3 e4 24. Nxc5 exf3 25. Nd3 fxg2 26. Rg1 Re7+ 27. Kd2 Bb7 28. Rde1 Ne4+ 29. Nxe4 Bxe4 30. f3 Bxd3 31. Rxe7+ Kxe7 32. Kxd3 Kd6 33. Ke3 Kc5 34. Kf4 Kd4 35. Rd1+ Kc4 36. Rg1 Kd3 0-1

[Event "POR-chT"]
[Site "Sao Joao da Madeira"]
[Date "2023.07.19"]
[Round "4.2"]
[White "Ferreira, Hugo Miguel da Cost"]
[Black "Garrido Outon, Alex"]
[Result "0-1"]
[WhiteElo "2096"]
[BlackElo "2403"]
[PlyCount "62"]
[EventDate "2023.07.17"]
[EventType "team-tourn"]
[EventRounds "9"]
[EventCountry "POR"]
[SourceTitle "CBM 215 Extra"]
[Source "ChessBase"]
[SourceDate "2023.09.30"]
[SourceVersion "1"]
[SourceVersionDate "2023.09.30"]
[SourceQuality "1"]
[WhiteTeam "Ferroviarios do Barreiro"]
[BlackTeam "Montemor o Novo"]
[WhiteTeamCountry "POR"]
[BlackTeamCountry "POR"]

1. d4 Nf6 2. Nf3 g6 3. Bg5 Bg7 4. Nbd2 d6 5. e4 0-0 6. c3 h6 7. Bh4 Nc6 8. Qc2 e5 9. dxe5 Nxe5 10. Nxe5 dxe5 11. Be2 Qe8 12. 0-0 Be6 13. Bg3 Nd7 14. Rad1 Nb6 15. c4 Nd7 16. c5 Nb8 17. Nf3 Nc6 18. Bb5 Bg4 19. Rd3 Qe6 20. Bxc6 bxc6 21. Qb3 Rfb8 22. Qc3 Re8 23. h3 Bxf3 24. Rxf3 Qxa2 25. b3 Rad8 26. Ra1 Qe2 27. Qc4 Qxc4 28. bxc4 Rd4 29. Rxa7 Rxe4 30. Rd3 Re7 31. Rd8+ Kh7 0-1

[Event "POR-chT"]
[Site "Sao Joao da Madeira"]
[Date "2023.07.18"]
[Round "2.1"]
[White "Ferreira, Hugo Miguel da Cost"]
[Black "Simoes, Miguel Patricio"]
[Result "1/2-1/2"]
[WhiteElo "2096"]
[BlackElo "2042"]
[PlyCount "27"]
[EventDate "2023.07.17"]
[EventType "team-tourn"]
[EventRounds "9"]
[EventCountry "POR"]
[SourceTitle "CBM 215 Extra"]
[Source "ChessBase"]
[SourceDate "2023.09.30"]
[SourceVersion "1"]
[SourceVersionDate "2023.09.30"]
[SourceQuality "1"]
[WhiteTeam "Ferroviarios do Barreiro"]
[BlackTeam "Corvos Do Lis"]
[WhiteTeamCountry "POR"]
[BlackTeamCountry "POR"]

1. d4 Nf6 2. Nf3 e6 3. c4 b6 4. Bg5 Bb7 5. e3 Be7 6. Nc3 Ne4 7. Bxe7 Qxe7 8. Bd3 Nxc3 9. bxc3 f5 10. 0-0 0-0 11. Qe2 Qf6 12. e4 fxe4 13. Bxe4 Bxe4 14. Qxe4 1/2-1/2

[Event "Pombal op 13th"]
[Site "Pombal"]
[Date "2022.10.07"]
[Round "5"]
[White "Figueiredo, Mario Jose da Roch"]
[Black "Ferreira, Hugo Miguel da Cost"]
[Result "0-1"]
[WhiteElo "1842"]
[BlackElo "2101"]
[PlyCount "68"]
[EventDate "2022.09.28"]
[EventType "swiss"]
[EventRounds "9"]
[EventCountry "POR"]
[SourceTitle "EXT 2024"]
[Source "ChessBase"]
[SourceDate "2023.10.10"]
[SourceVersion "1"]
[SourceVersionDate "2023.10.10"]
[SourceQuality "1"]

1. d4 Nf6 2. Nf3 e6 3. c4 Bb4+ 4. Nbd2 0-0 5. a3 Bxd2+ 6. Nxd2 d5 7. e3 b6 8. Bd3 Bb7 9. 0-0 Nbd7 10. Nf3 c5 11. b3 cxd4 12. exd4 Rc8 13. Bb2 Qc7 14. Re1 Rfd8 15. Qe2 dxc4 16. bxc4 Qc6 17. Qf1 Qd6 18. Ne5 Nf8 19. Rad1 Nh5 20. f4 f6 21. g4 fxe5 22. fxe5 Qe7 23. gxh5 Qg5+ 24. Kf2 Rc7 25. Qh3 Rf7+ 26. Ke2 Bf3+ 27. Qxf3 Rxf3 28. Kxf3 Ng6 29. Bxg6 Rf8+ 30. Ke2 Qg2+ 31. Kd3 Qxb2 32. Rf1 Rxf1 33. Rxf1 hxg6 34. hxg6 Qb3+ 0-1

[Event "POR-ch Rapid"]
[Site "Viseu"]
[Date "2022.06.11"]
[Round "7"]
[White "Ferreira, Hugo Miguel da Cost"]
[Black "Carvalho, Vitor Hugo Pina Soa"]
[Result "1-0"]
[WhiteElo "2104"]
[BlackElo "1834"]
[PlyCount "67"]
[EventDate "2022.06.10"]
[EventType "swiss (rapid)"]
[EventRounds "8"]
[EventCountry "POR"]
[SourceTitle "CBM 208 Extra"]
[Source "ChessBase"]
[SourceDate "2022.07.31"]
[SourceVersion "1"]
[SourceVersionDate "2022.07.31"]
[SourceQuality "1"]

1. d4 Nf6 2. Nf3 g6 3. Bg5 Ne4 4. Bh4 Bg7 5. c3 0-0 6. Nbd2 Nxd2 7. Qxd2 d5 8. e3 Bf5 9. Bd3 Bxd3 10. Qxd3 Nd7 11. 0-0 c6 12. e4 dxe4 13. Qxe4 Nf6 14. Qe2 e6 15. Ne5 Qc7 16. Rad1 a5 17. a4 Rfe8 18. Bg3 Nh5 19. Bh4 Nf6 20. Rd3 Nd7 21. Nc4 e5 22. dxe5 Nxe5 23. Re3 Re6 24. Bg3 f6 25. f4 b5 26. Na3 Qb6 27. fxe5 Bh6 28. Bf4 Bxf4 29. Rxf4 Rxe5 30. Rd4 c5 31. Rxe5 cxd4 32. Rxb5 d3+ 33. Rxb6 dxe2 34. Re6 1-0

[Event "POR-ch Blitz"]
[Site "Viseu"]
[Date "2022.06.11"]
[Round "4"]
[White "Ferreira, Hugo Miguel da Cost"]
[Black "Martins, Bruno Andre Leite"]
[Result "0-1"]
[WhiteElo "2104"]
[BlackElo "2329"]
[PlyCount "74"]
[EventDate "2022.06.11"]
[EventType "swiss (blitz)"]
[EventRounds "11"]
[EventCountry "POR"]
[SourceTitle "CBM 208 Extra"]
[Source "ChessBase"]
[SourceDate "2022.07.31"]
[SourceVersion "1"]
[SourceVersionDate "2022.07.31"]
[SourceQuality "1"]

1. d4 Nf6 2. Nf3 d5 3. Bg5 Ne4 4. Bf4 c5 5. dxc5 Nc6 6. c4 Qa5+ 7. Nfd2 dxc4 8. Qc2 Nxc5 9. Qxc4 Be6 10. Qc3 Qxc3 11. Nxc3 a6 12. Rc1 g6 13. e4 Nb4 14. Be3 Ncd3+ 15. Bxd3 Nxd3+ 16. Ke2 Nxc1+ 17. Rxc1 Bg7 18. Bb6 Rc8 19. a4 0-0 20. a5 Be5 21. g3 Bc7 22. Bc5 Bxa5 23. Bxe7 Rfe8 24. Bf6 Bc4+ 25. Kf3 Bd3 26. e5 Bxc3 27. bxc3 b5 28. Ke3 Bc4 29. Ne4 Rc6 30. Kd4 Ree6 31. f4 Rc7 32. Nc5 Rec6 33. Ne4 Rd7+ 34. Nd6 Rcxd6+ 35. exd6 Rxd6+ 36. Ke5 Re6+ 37. Kd4 Rxf6 0-1

[Event "FISU World University"]
[Site "Tornelo INT"]
[Date "2020.10.27"]
[Round "4.22"]
[White "Ferreira, Hugo Miguel da Cost"]
[Black "Voloshinsky, Liubomir"]
[Result "1/2-1/2"]
[WhiteElo "2081"]
[BlackElo "2118"]
[PlyCount "63"]
[EventDate "2020.10.26"]
[EventType "team-swiss (rapid)"]
[EventRounds "9"]
[EventCountry "NET"]
[SourceTitle "CBM 199 Extra"]
[Source "ChessBase"]
[SourceDate "2021.01.31"]
[SourceVersion "1"]
[SourceVersionDate "2021.01.31"]
[SourceQuality "1"]
[WhiteTeam "Portugal"]
[BlackTeam "Ukraine II"]
[WhiteTeamCountry "POR"]
[BlackTeamCountry "UKR"]

1. d4 Nf6 2. Nf3 g6 3. Bg5 Bg7 4. Nbd2 d5 5. e3 0-0 6. c3 b6 7. Bd3 c5 8. 0-0 Nc6 9. Qb1 Qe8 10. b4 c4 11. Bc2 b5 12. a4 bxa4 13. Bxa4 Bd7 14. Qc2 a6 15. Rfe1 Bf5 16. Qd1 Qc8 17. Bxf6 exf6 18. e4 dxe4 19. Nxe4 Qc7 20. Nc5 Ne7 21. Qe2 Nd5 22. Qxc4 Nb6 23. Qe2 Nxa4 24. Rxa4 a5 25. b5 Rfd8 26. Rea1 Bf8 27. Nh4 Bxc5 28. Nxf5 Bf8 29. Ng3 Qxc3 30. Ne4 Qc7 31. Nxf6+ Kh8 32. Ng4 1/2-1/2

[Event "Lisbon Portugal rapid 2op"]
[Site "Lisbon"]
[Date "2020.02.02"]
[Round "7"]
[White "Petrov, Nikita"]
[Black "Ferreira, Hugo Miguel da Cost"]
[Result "1-0"]
[WhiteElo "2592"]
[BlackElo "2109"]
[PlyCount "71"]
[EventDate "2020.01.02"]
[EventType "swiss (rapid)"]
[EventRounds "8"]
[EventCountry "POR"]
[SourceTitle "CBM 194 Extra"]
[Source "ChessBase"]
[SourceDate "2020.03.31"]
[SourceVersion "1"]
[SourceVersionDate "2020.03.31"]
[SourceQuality "1"]

1. c4 c5 2. Nc3 Nf6 3. Nf3 d5 4. cxd5 Nxd5 5. e4 Nc7 6. d4 cxd4 7. Qxd4 Bd7 8. Bf4 Ne6 9. Qe3 Nc6 10. Bg3 Qa5 11. Bc4 g6 12. 0-0 Bg7 13. Rfd1 Rd8 14. Rd5 Qb4 15. Bb3 Ncd4 16. Rd1 Nxb3 17. axb3 Qxb3 18. Qd2 0-0 19. Rxd7 Bxc3 20. Qxc3 Qxd1+ 21. Rxd1 Rxd1+ 22. Ne1 Nd4 23. Kf1 Rd8 24. f3 b5 25. Qc7 Nb3 26. Qxe7 Nd2+ 27. Ke2 Nc4 28. Bf4 R8d7 29. Qf6 R7d2+ 30. Bxd2 Rxd2+ 31. Kf1 Ne3+ 32. Kg1 Re2 33. Qd8+ Kg7 34. Qd4+ Kg8 35. Qd3 Rxe1+ 36. Kf2 1-0

[Event "Lisbon Portugal rapid 2op"]
[Site "Lisbon"]
[Date "2020.02.02"]
[Round "3"]
[White "Sarkar, Justin"]
[Black "Ferreira, Hugo Miguel da Cost"]
[Result "1-0"]
[WhiteElo "2373"]
[BlackElo "2109"]
[PlyCount "71"]
[EventDate "2020.01.02"]
[EventType "swiss (rapid)"]
[EventRounds "8"]
[EventCountry "POR"]
[SourceTitle "CBM 194 Extra"]
[Source "ChessBase"]
[SourceDate "2020.03.31"]
[SourceVersion "1"]
[SourceVersionDate "2020.03.31"]
[SourceQuality "1"]

1. e4 c5 2. Nf3 d6 3. d4 cxd4 4. Nxd4 Nf6 5. Nc3 a6 6. Nb3 b5 7. a4 b4 8. Nd5 e6 9. Nxf6+ Qxf6 10. f4 Be7 11. Bd3 Qh4+ 12. g3 Qh3 13. Bf1 Qh6 14. a5 Qg6 15. Bg2 Bb7 16. Qe2 Nd7 17. f5 Qf6 18. e5 Nxe5 19. Bxb7 Ra7 20. Bxa6 Rxa6 21. Qxa6 Nf3+ 22. Kf2 0-0 23. Kxf3 Qxf5+ 24. Kg2 Qxc2+ 25. Bd2 Qxb3 26. Qe2 Bf6 27. a6 Rc8 28. Rhc1 Qd5+ 29. Kf2 Ra8 30. Be3 g6 31. Qf3 Qxf3+ 32. Kxf3 Bxb2 33. a7 d5 34. Rab1 d4 35. Rxb2 dxe3 36. Ra1 1-0

[Event "Lisbon Portugal op"]
[Site "Lisbon"]
[Date "2020.01.29"]
[Round "6"]
[White "Sarkar, Justin"]
[Black "Ferreira, Hugo Miguel da Cost"]
[Result "1-0"]
[WhiteElo "2385"]
[BlackElo "2109"]
[PlyCount "119"]
[EventDate "2020.01.25"]
[EventType "swiss"]
[EventRounds "9"]
[EventCountry "POR"]
[SourceTitle "CBM 194"]
[Source "ChessBase"]
[SourceDate "2020.01.27"]
[SourceVersion "1"]
[SourceVersionDate "2020.01.27"]
[SourceQuality "1"]

1. d4 Nf6 2. c4 g6 3. Nc3 d5 4. cxd5 Nxd5 5. e4 Nxc3 6. bxc3 Bg7 7. Bc4 c5 8. Ne2 0-0 9. h4 h5 10. Nf4 e6 11. Nxh5 gxh5 12. Qxh5 cxd4 13. Rh3 f6 14. Rg3 Rf7 15. Bh6 Qe7 16. cxd4 Nc6 17. Rc1 Bd7 18. Kf1 Nxd4 19. Rcc3 Be8 20. Bxg7 Rxg7 21. Qh6 Rc8 22. Rxg7+ Qxg7 23. Bxe6+ Nxe6 24. Qxg7+ Kxg7 25. Rxc8 Bb5+ 26. Ke1 Bc6 27. f3 a5 28. Kd2 a4 29. Ke3 Nc5 30. a3 Nd7 31. f4 f5 32. e5 Nb6 33. Rc7+ Kg6 34. Kd4 Bxg2 35. h5+ Kxh5 36. Rg7 Bc6 37. Rg5+ Kh6 38. Rxf5 Kg6 39. Rg5+ Kf7 40. f5 Nd5 41. Rh5 Nf4 42. Rh7+ Kg8 43. Rh4 Ng2 44. Rg4+ Kf7 45. f6 Ke6 46. Rg7 Nh4 47. Re7+ Kf5 48. f7 Ng6 49. Re8 Bd7 50. f8Q+ Nxf8 51. Rxf8+ Ke6 52. Rf6+ Ke7 53. Ke4 Be6 54. Rh6 Bd7 55. Rb6 Bc6+ 56. Kf5 Bd7+ 57. e6 Bc6 58. Ke5 Bf3 59. Rb4 Bc6 60. Rh4 1-0

[Event "Portuguese Masters"]
[Site "Cruz Quebrada"]
[Date "2019.08.17"]
[Round "6"]
[White "Ferreira, Hugo Miguel da Cost"]
[Black "Dias, Paulo Jorge Guimara"]
[Result "0-1"]
[WhiteElo "2142"]
[BlackElo "2314"]
[PlyCount "130"]
[EventDate "2019.08.13"]
[EventType "tourn"]
[EventRounds "9"]
[EventCountry "POR"]
[SourceTitle "CBM 191 Extra"]
[Source "ChessBase"]
[SourceDate "2019.09.30"]
[SourceVersion "1"]
[SourceVersionDate "2019.09.30"]
[SourceQuality "1"]

1. d4 g6 2. Nf3 Nf6 3. Bg5 Bg7 4. Nbd2 d5 5. e3 0-0 6. c3 c5 7. Bd3 b6 8. 0-0 Bb7 9. Qb1 Nbd7 10. b4 c4 11. Bc2 Re8 12. e4 dxe4 13. Nxe4 Nd5 14. Nd6 Nxc3 15. Nxb7 Nxb1 16. Nxd8 Na3 17. Ba4 Raxd8 18. Bc1 b5 19. Bd1 e5 20. dxe5 Nxe5 21. Bxa3 Rd3 22. Nd4 Rxd4 23. Bb2 Rd2 24. Bc3 Rd3 25. Rc1 Re6 26. a4 a6 27. axb5 axb5 28. Be2 Nf3+ 29. Bxf3 Bxc3 30. h3 Bb2 31. Rc2 c3 32. Be2 Rd2 33. Rxd2 cxd2 34. Bxb5 Re1 35. Ba4 Bd4 36. g3 Kf8 37. Kg2 Ke7 38. f4 Kd6 39. g4 f5 40. gxf5 gxf5 41. h4 h6 42. h5 Kd5 43. Bb3+ Kc6 44. Ba4+ Kd6 45. Bb3 Bb6 46. Rh1 Kc6 47. Ba4+ Kd5 48. Bb3+ Kd4 49. Rf1 Kc3 50. Rf3+ Be3 51. Ba4 Kxb4 52. Bc2 Kc3 53. Ba4 Kb2 54. Rg3 Kc1 55. Rg6 Rg1+ 56. Kf3 Rxg6 57. hxg6 Bd4 58. Ke2 Bf6 59. Bb3 Bg7 60. Ba4 h5 61. Kf3 d1Q+ 62. Bxd1 Kxd1 63. Kg3 Ke2 64. Kh4 Kf3 65. Kg5 Ke4 0-1

[Event "Portuguese Masters"]
[Site "Cruz Quebrada"]
[Date "2019.08.15"]
[Round "4"]
[White "Ferreira, Hugo Miguel da Cost"]
[Black "Rodrigues, Afonso"]
[Result "0-1"]
[WhiteElo "2142"]
[BlackElo "2134"]
[PlyCount "112"]
[EventDate "2019.08.13"]
[EventType "tourn"]
[EventRounds "9"]
[EventCountry "POR"]
[SourceTitle "CBM 191 Extra"]
[Source "ChessBase"]
[SourceDate "2019.09.30"]
[SourceVersion "1"]
[SourceVersionDate "2019.09.30"]
[SourceQuality "1"]

1. d4 d5 2. Bf4 Nf6 3. e3 c5 4. c3 Nc6 5. Nd2 e6 6. Ngf3 Bd6 7. Bg3 0-0 8. Bd3 b6 9. Ne5 Bb7 10. f4 Ne7 11. Qf3 Nf5 12. Bf2 Be7 13. g4 Nd6 14. g5 Nfe4 15. Rg1 c4 16. Bxe4 dxe4 17. Qh5 g6 18. Qg4 Bd5 19. Rg3 Qc7 20. Rh3 Nf5 21. Nf1 f6 22. gxf6 Bxf6 23. Ng3 Bxe5 24. fxe5 Nxg3 25. Bxg3 Rf3 26. Bh4 Rxh3 27. Qxh3 b5 28. Bf6 b4 29. cxb4 a5 30. b5 a4 31. Rc1 Qa5+ 32. Kd1 Qxb5 33. Rc2 a3 34. Qh6 Ra7 35. bxa3 Qb1+ 36. Kd2 Rc7 37. Rc1 Qd3+ 38. Ke1 c3 39. Rd1 c2 40. Rxd3 exd3 41. e4 c1Q+ 42. Qxc1 Rxc1+ 43. Kd2 Rc2+ 44. Kxd3 Bxe4+ 45. Kxe4 Rxh2 46. d5 exd5+ 47. Kxd5 Kf7 48. Bg5 Rxa2 49. e6+ Ke8 50. Ke5 Rxa3 51. Kf6 Ra5 52. Bd2 Rf5+ 53. Kg7 g5 54. Kxh7 g4 55. Kg6 Rd5 56. Be1 Ke7 0-1

[Event "Lisbon Portugal rapid op"]
[Site "Lisbon"]
[Date "2019.02.10"]
[Round "2"]
[White "Bernadskiy, Vitaliy"]
[Black "Ferreira, Hugo Miguel da Cost"]
[Result "1-0"]
[WhiteElo "2570"]
[BlackElo "2136"]
[PlyCount "79"]
[EventDate "2019.02.10"]
[EventType "swiss (rapid)"]
[EventRounds "8"]
[EventCountry "POR"]
[SourceTitle "CBM 188 Extra"]
[Source "ChessBase"]
[SourceDate "2019.02.26"]
[SourceVersion "1"]
[SourceVersionDate "2019.02.26"]
[SourceQuality "1"]

1. e4 d5 2. exd5 Qxd5 3. Nf3 Nf6 4. Be2 Qd6 5. 0-0 c6 6. d4 Bf5 7. c4 e6 8. Nc3 Be7 9. Ne5 0-0 10. Be3 a6 11. f4 Ne4 12. Bf3 Nxc3 13. bxc3 f6 14. c5 Qc7 15. Nc4 Nd7 16. Qb3 Kh8 17. Rf2 e5 18. g3 Be6 19. Qa4 Bd5 20. Raf1 Rfe8 21. Bg4 exd4 22. cxd4 b5 23. Qa5 Qxa5 24. Nxa5 Nb8 25. Re1 Kg8 26. Bc1 Kf7 27. Rfe2 Ra7 28. f5 Nd7 29. Bh5+ g6 30. fxg6+ hxg6 31. Rxe7+ Rxe7 32. Bxg6+ Kxg6 33. Rxe7 Kf5 34. h3 Bxa2 35. g4+ Kg6 36. Nxc6 Rc7 37. Nb4 Bc4 38. Bf4 a5 39. Nc2 Nxc5 40. Bxc7 1-0